000 00285nam a22001337a 4500
008 170529b xxu||||| |||| 00| 0 eng d
020 _a0132788799
041 _aeng
080 _a62
100 _a27
101 _aIM
245 _aENGINEERING GRAPHICS
_cSPENCE,W.P
942 _2udc
_cBK
999 _c14798
_d14798